000 00456nam a2200181Ia 4500
005 20250326142525.0
008 250326s9999 xx 000 0 und d
037 _aTextbook
040 _aFMSL
_beng
_cFMSL
041 _aeng
_2eng
084 _qFMSL
100 _aKossen Stan
245 0 _aCreative selling today
_cKossen Stan
260 _aNew York
_bNew York, Harper andRow
_c1989
300 _a491p
942 _cTB
999 _c1295434
_d1295434